Countries as Circles - Africa - Map Quiz - Statistics

General Stats
  • This quiz has been taken 36 times
  • The average score is 41 of 54
Answers on the Map
Answers color-coded by a green-red scale on the quiz's map according to % correct below.
 
Answer Stats
Answer % Correct
Cape Verde
92%
Algeria
88%
São Tomé and Príncipe
88%
South Africa
88%
Tunisia
88%
Angola
83%
Egypt
83%
Eswatini
83%
Gambia
83%
Lesotho
83%
Libya
83%
Madagascar
83%
Mali
83%
Mauritania
83%
Morocco
83%
Senegal
83%
Tanzania
83%
Botswana
79%
Democratic Republic of the Congo
79%
Ethiopia
79%
Malawi
79%
Mozambique
79%
Namibia
79%
Sudan
79%
Zimbabwe
79%
Cameroon
75%
Central African Republic
75%
Djibouti
75%
Eritrea
75%
Guinea-Bissau
75%
Kenya
75%
Rwanda
75%
Somalia
75%
South Sudan
75%
Zambia
75%
Burkina Faso
71%
Burundi
71%
Chad
71%
Gabon
71%
Guinea
71%
Liberia
71%
Republic of the Congo
71%
Uganda
71%
Côte d’Ivoire
67%
Equatorial Guinea
67%
Nigeria
67%
Sierra Leone
67%
Ghana
63%
Niger
63%
Togo
63%
Benin
58%
Seychelles
58%
Comoros
46%
Mauritius
46%
No matching quizzes found
Score Distribution
Percent of People with Each Score
Percentile by Number Answered
Your Score History
You have not taken this quiz